| 000 | 00781nam a22002177a 4500 | ||
|---|---|---|---|
| 999 |
_c11862 _d11862 |
||
| 003 | AR-CdUCM | ||
| 008 | 190405b ||||| |||| 00| 0 spa d | ||
| 040 |
_aMUNICIPALIDAD PROVINCIAL DEL CUSCO _cBIBLIOTECA MUNICIPAL DEL CUSCO |
||
| 082 |
_22ed _a345.7C3 / _bA6 / 1938 |
||
| 100 |
_aAparicio, German _929438 |
||
| 245 |
_aCódigo de procedimientos civiles : _bconcordancias / |
||
| 260 |
_aLima : _bImprenta Gil, _c1938. |
||
| 300 |
_a677 páginas ; _c21 cm. |
||
| 505 | _aContenido: Disposiciones aplicables a todo procedimiento -- Juicios -- Procedimientos no contenciosos. | ||
| 650 |
_aDerecho procesal civil _927080 |
||
| 650 |
_aLegislación _92962 |
||
| 650 |
_aJurisprudencia _9927 |
||
| 700 |
_aGomez Sanches _929439 |
||
| 942 |
_2ddc _cLIBROS |
||
| 945 |
_adavv _d05/04/2019 |
||